Clave de esquemas eléctricos... / (Record no. 42127)

MARC details
000 -LEADER
campo de control de longitud fija 00576nam a2200181 i 4500
001 - NÚMERO DE CONTROL
campo de control 42127
003 - IDENTIFICADOR DE NÚMERO DE CONTROL
campo de control ES-MaACL
005 - FECHA Y HORA DE LA ÚLTIMA TRANSACCIÓN
campo de control 20230906160543.0
007 - CAMPO FIJO DE DESCRIPCIÓN FÍSICA--INFORMACIÓN GENERAL
campo de control de longitud fija t|
008 - DATOS DE LONGITUD FIJA--INFORMACIÓN GENERAL
campo de control de longitud fija 030312s1967 sp ||||1| spa d
100 1# - ENTRADA PRINCIPAL--NOMBRE DE PERSONA
Nombre de persona Castello, P.
9 (RLIN) 36557
245 10 - MENCIÓN DEL TÍTULO
Título Clave de esquemas eléctricos... /
Mención de responsabilidad, etc. P. Castello ; prefacio de P. Naslin ; traducción de Juan Antonio de Miguel.
260 ## - PUBLICACIÓN, DISTRIBUCIÓN, ETC.
Lugar de publicación, distribución, etc. Madrid :
Nombre del editor, distribuidor, etc. Paraninfo,
Fecha de publicación, distribución, etc. 1967.
300 ## - DESCRIPCIÓN FÍSICA
Extensión 243 p. :
Otras características físicas il. ;
Dimensiones 22 cm.
700 1# - ENTRADA AGREGADA--NOMBRE PERSONAL
Nombre de persona Naslin, Pierre.
9 (RLIN) 84970
700 1# - ENTRADA AGREGADA--NOMBRE PERSONAL
Nombre de persona Miguel, Juan Antonio de.
9 (RLIN) 81013
852 ## - LOCALIZACIÓN
Ubicación ES-MaACL
Número de control de estantería C-32730
Sublocalización o colección R.63693
Holdings
Estatus retirado Estado de pérdida Estado de daño No para préstamo Biblioteca de origen Biblioteca actual Ubicación en estantería Fecha de adquisición Fuente de adquisición Total de préstamos Signatura topográfica completa Código de barras Visto por última vez Precio de reemplazo Tipo de ítem Koha
        Biblioteca del Ateneo de Madrid Biblioteca del Ateneo de Madrid Depósito 2 17/01/2008     C-32730 1044339 23/02/2023 23/02/2023 Libro impreso